00766cam a22002411 4500001001300000003000400013005001700017008004100034010001700075035001900092040002100111042001200132050002000144100003300164245004500197250005800242260003000300300004700330500006200377650003100439700003900470999001500509agr28001690 DLC20260227110948.0761020s1927 gw ac 000 0 ger  aagr28001690  a(OCoLC)2515737 aDLCcGUdGUdDLC apremarc00aSB761b.N8 19271 aNüsslin, Otto,d1850-1915.10aForstinsektenkunde,cvon Otto Nüsslin. a4., neubearb und verm. Aufl.,bhrsg. von L. Rhumbler. aBerlin,bP. Parey,c1927. axvi, 625 p.billus. (incl. ports.)c23 cm. a1.-2. Aufl. have title: Leitfaden der Forstinsektenkunde. 0aTreesxDiseases and pests.1 aRhumbler, Ludwig,d1864-1939,eed. c9222d9222